[Event "Steinfurt Bezirksliga 0203"]
[Site "Germany"]
[Date "2003.04.26"]
[Round "8.3"]
[White "Isfort, Dieter"]
[Black "Boeckmann, Dirk"]
[Result "1/2-1/2"]
[WhiteElo "1699"]
[BlackElo "1247"]
[PlyCount "50"]
[EventDate "2002.09.14"]
[EventType "team-tourn"]
[EventRounds "9"]
[EventCountry "GER"]
[SourceTitle "EXT 2004"]
[Source "ChessBase"]
[SourceDate "2003.11.25"]
[SourceVersion "1"]
[SourceVersionDate "2003.11.25"]
[SourceQuality "1"]
[WhiteTeam "Mesum"]
[BlackTeam "Reckenfeld II"]
[WhiteTeamCountry "GER"]
[BlackTeamCountry "GER"]

1. d4 d5 2. c4 dxc4 3. Nc3 e6 4. Nf3 Nf6 5. Bg5 Be7 6. e3 h6 7. Bh4 Nh7 8. Bxe7 Qxe7 9. Bxc4 0-0 10. 0-0 Qb4 11. Bb3 c5 12. dxc5 Qxc5 13. Rc1 Qe7 14. Nb5 Nc6 15. Qe2 a6 16. Nbd4 Bd7 17. Nxc6 Bxc6 18. Ne5 Bb5 19. Bc4 Bxc4 20. Rxc4 Rac8 21. Rfc1 Rxc4 22. Qxc4 Qd6 23. Qc7 Qd2 24. b4 Qxb4 25. Nd7 Re8 1/2-1/2